Italian Verbs - Statistics

General Stats
  • This quiz has been taken 1,997 times
    1,988 since last reset
  • The average score is 19 of 25
Answer Stats
Hint Answer % Correct
Mangiare To Eat
95%
Parlare To Speak
94%
Andare To Go
93%
Arrivare To Arrive
92%
Essere To Be
92%
Avere To Have
90%
Fare To Do
88%
Finire To Finish
88%
Bere To Drink
87%
Amare To Love
87%
Leggere To Read
82%
Venire To Come
81%
Dire To Say
80%
Vedere To See
78%
Capire To Understand
76%
Volere To Want
76%
Piacere To Like
74%
Prendere To Take
73%
Dare To Give
70%
Mettere To Put
69%
Stare To Stay
56%
Potere To Be Able to
49%
Uscire To Go Out/ Come Out
48%
Sapere To Know (Something)
47%
Dovere To Have to
41%
No matching quizzes found
Score Distribution
Percent of People with Each Score
Percentile by Number Answered
Your Score History
You have not taken this quiz since the last reset